12-Letter Vocabulary (Medium) Quiz Stats

 Plays Quiz Updated Jun 23, 2017

Support Sporcle.
Go Orange.
Score 0/25 Timer 08:00
0 Plays Today
% Correct
ambidextrous
94%
embarrassing
91.7%
circumscribe
91.2%
sacrilegious
91%
oversaturate
90.8%
philosophize
90.1%
watermanship
90.1%
nonchalantly
89.5%
adjudication
89.3%
monochromacy
89%
incapacitate
87.8%
psychrometer
86.9%
immaculately
86.2%
% Correct
transgressor
85.7%
transmogrify
85.6%
recapitulate
84.7%
scapegoating
84.6%
unscrupulous
83.3%
acquiescence
82.7%
sabermetrics
82.3%
quintessence
80.8%
antediluvian
76.8%
misanthropic
76.5%
bacchanalian
74.6%
scatological
61.8%

You're not logged in!

Compare scores with friends on all Sporcle quizzes.
OR
Log In
Forgot?

From the Vault

Movie Time-Lapse

by Frostfire77

We're not doing a cool timelapse video today, sorry. Editing is hard.
Remove Ads.
Support Sporcle.
Get the best of Sporcle when you Go Orange. This ad-free experience offers more features, more stats, and more fun while also helping to support Sporcle. Thank you for becoming a member.

Show Comments

Extras

Top Quizzes Today


Score Distribution

Your Account Isn't Verified!

In order to create a playlist on Sporcle, you need to verify the email address you used during registration. Go to your Sporcle Settings to finish the process.

Report this User

Report this user for behavior that violates our Community Guidelines.

Details: